| 000 | 00346nam a2200133Ia 4500 | ||
|---|---|---|---|
| 008 | 240624s9999 xx 000 0 und d | ||
| 041 | _aeng | ||
| 082 | _a001.42 OSB | ||
| 100 | _aOSBORNE JASON W | ||
| 245 | _aBEST PRACTICES IN DATA CLEANING | ||
| 260 |
_c2013 _aLondon _bSage Publications |
||
| 300 | _axv, : 275 : p. : cm. ; 23 | ||
| 365 |
_c _b30 |
||
| 999 |
_c19712 _d19712 |
||